| 000 | 00893nac a22002537a 4500 | ||
|---|---|---|---|
| 001 | BR9600282 | ||
| 003 | BR-BrBNA | ||
| 005 | 20240105121711.0 | ||
| 008 | 230509b bl.|||m| |||| 00| 0 por d | ||
| 040 |
_aBR-BrBNA _bpor _cBiblioteca Nacional de Agricultura |
||
| 072 | _aP36 | ||
| 090 | _aP36 BR9600282 | ||
| 100 | 1 | _aPundek, M. | |
| 110 | 1 | _aEmpresa de Pesquisa Agropecuaria e Difusao de Tecnologia de Santa Catarina, S.A., FLorianopolis (Brasil) | |
| 245 | 1 | _aConservacao do Solo; Terracos; cordoes vegetais | |
| 260 | 3 |
_aFlorianopolis, SC (Brasil): _c1995. |
|
| 300 | _a31 P. | ||
| 490 |
_aBoletim Didatico - Empresa de Pesquisa Agropecuaria e Difusao de Tecnologia de Santa Catarina S.A. (Brazil) _vno. 10 _x |
||
| 500 | _a12 ref.; 10 illus. | ||
| 650 | _aConservacao do Solo | ||
| 650 | _aTerraco | ||
| 909 |
_a202312 _bLúcia Elande _c55 _dLúcia Elande |
||
| 942 |
_2AGRIS _n0 _cMS |
||
| 999 |
_c286896 _d286896 |
||